000 00653nam a2200241Ia 4500
001 52020
005 20240114005248.0
007 ta
008 100311s1994 g b000 u 903 u
040 _aCotton College Assam
041 _a903
082 _a823
_bAm 11 Ta
100 _aZakir, Mohammed .
245 0 _aA Tale of Four Dervishes /
_cMohammed Zakir.
_hTextual Documents
250 _aist /
260 _aNew York :
_bPenguin Books Ltd ,
_c1994.
300 _a157pg ;
_c25cm.
653 _aA Tale of Four Dervishes-From Urdu
653 _aG-English Literature
942 _2ddc
_cBK
999 _c51984
_d51984